Family business : human dilemmas in the family firm

Αποθηκεύτηκε σε:
Λεπτομέρειες βιβλιογραφικής εγγραφής
Κύριος συγγραφέας: Kets de Vries, Manfred F. R.
Μορφή: Βιβλίο
Γλώσσα:English
Δημοσίευση: London : ITP, 1996
Θέματα:
Ετικέτες: Προσθήκη ετικέτας
Δεν υπάρχουν, Καταχωρήστε ετικέτα πρώτοι!

MARC

LEADER 00000nam a2200000 i 4500
001 1/63991
008 980803s1996 eng d
020 |a 0415114624 
035 |l 10029351 
040 |a GR-MY-UA  |b gre  |e aacr 
041 0 |a eng 
082 0 |a 658.022 
100 1 |a Kets de Vries, Manfred F. R. 
245 1 0 |a Family business :  |b human dilemmas in the family firm /  |c Manfred F.R. Kets de Vries 
260 |a London :   |b ITP,   |c 1996 
300 |a xii, 287 σ. 
504 |a Περιλαμβάνει βιβλιογραφικές παραπομπές και ευρετήριο 
650 0 0 |a Family-owned business enterprises  |x Case studies. 
650 0 0 |a Family-owned business enterprises  |x Psychological aspects. 
852 |a INST  |b CHIOS  |e 19980803  |h 658.022 KET  |p 005200015910  |q 005200015910  |t BK  |y 0 
901 |a BIBL-1998-2 
909 |a Χ  |b 058225 
922 |a 2ΕΛΗ  |b 199807  |c ΤΔΕ  |d ΠΑΠΑΣΩΤΗΡΙΟΥ